|
|
|
|
| LEADER |
02267nam a2200553 i 4500 |
| 001 |
nkc20172963721 |
| 003 |
CZ PrNK |
| 005 |
20180406101309.0 |
| 007 |
ta |
| 008 |
171222s2017 xr a e p 000 0 cze |
| 015 |
|
|
|a cnb002963721
|
| 020 |
|
|
|a 978-80-245-2240-1
|q (brožováno) :
|c Kč 250,00
|
| 035 |
|
|
|a (OCoLC)1031052562
|
| 040 |
|
|
|a BOA001
|b cze
|e rda
|
| 072 |
|
7 |
|a 657
|x Účetnictví
|2 Konspekt
|9 4
|
| 072 |
|
7 |
|a 37.016
|x Učební osnovy. Vyučovací předměty. Učebnice
|2 Konspekt
|9 22
|
| 080 |
|
|
|a 657:005
|2 MRF
|
| 080 |
|
|
|a (075.8)
|2 MRF
|
| 080 |
|
|
|a (078.7)
|2 MRF
|
| 080 |
|
|
|a (076.5)
|2 MRF
|
| 100 |
1 |
|
|a Šoljaková, Libuše
|7 jn20010310454
|4 aut
|
| 245 |
1 |
0 |
|a Manažerské účetnictví pro vedlejší specializaci :
|b případové studie a příklady : (určeno pro kurz 1MU413) /
|c Ludmila Šoljaková, Bohumil Král
|
| 250 |
|
|
|a Vydání první
|
| 264 |
|
1 |
|a Praha :
|b Oeconomica, nakladatelství VŠE,
|c 2017
|
| 300 |
|
|
|a 188 stran :
|b ilustrace ;
|c 30 cm
|
| 336 |
|
|
|a text
|b txt
|2 rdacontent
|
| 337 |
|
|
|a bez média
|b n
|2 rdamedia
|
| 338 |
|
|
|a svazek
|b nc
|2 rdacarrier
|
| 490 |
1 |
|
|a Vysokoškolská skripta
|
| 500 |
|
|
|a Nad názvem: Vysoká škola ekonomická v Praze, Fakulta financí a účetnictví
|
| 504 |
|
|
|a Obsahuje bibliografii
|
| 521 |
8 |
|
|a Doporučeno pro magisterské studium na VŠE v Praze
|
| 650 |
0 |
7 |
|a manažerské účetnictví
|7 ph115220
|2 czenas
|
| 650 |
0 |
9 |
|a managerial accounting
|2 eczenas
|
| 655 |
|
7 |
|a učebnice vysokých škol
|7 fd133772
|2 czenas
|
| 655 |
|
7 |
|a případové studie
|7 fd133208
|2 czenas
|
| 655 |
|
7 |
|a praktická cvičení
|7 fd133118
|2 czenas
|
| 655 |
|
9 |
|a textbooks (higher)
|2 eczenas
|
| 655 |
|
9 |
|a case studies
|2 eczenas
|
| 655 |
|
9 |
|a problems, exercises, etc
|2 eczenas
|
| 700 |
1 |
|
|a Král, Bohumil,
|d 1952-
|7 jo20010073555
|4 aut
|
| 710 |
2 |
|
|a Vysoká škola ekonomická v Praze.
|b Fakulta financí a účetnictví
|7 kn20010709398
|4 isb
|
| 810 |
2 |
|
|a Vysoká škola ekonomická v Praze.
|t Vysokoškolská skripta
|0 s
|
| 910 |
2 |
|
|a BOA001
|b 4-1401.553
|
| 928 |
9 |
|
|a Vysoká škola ekonomická v Praze, nakladatelství Oeconomica
|
| 990 |
|
|
|a BK
|
| 995 |
|
|
|a 01
|
| 991 |
|
|
|b 201802
|c NOV
|
| 996 |
6 |
|
|b 2610732398
|c 4-1401.553
|l MZK
|r Sklad / do 1 hodiny
|n 0
|p p.v.
|w 001649751
|u 000010
|a 1
|e BOA001
|j MZK50
|s P
|